000 02098nam a2200265 a 4500
001 000003900
003 DO-SdBNP
005 20260321073638.0
008 090715s2005 dr r 001 0 spa d
020 _a9945406094
040 _aDO-SdBNP
_bspa
_cBNPHU
082 _a972.93053
_bB742tr, 1998
100 1 _a Bosch, Juan,
_d1909-2001
_976555
245 1 0 _aTrujillo :
_bcausas de una tiranía sin ejemplo /
_cJuan Bosch.
250 _a7ª ed.
260 _aSanto Domingo :
_bSecretaría de Estado de Educación ;
_bFundación Juan Bosch ;
_bOrganización para el Fomento del Desarrollo del Pensamiento dela República Dominicana,
_c2005.
300 _a190 p. ;
_c21 cm.
500 _aEl número de edición difiere del consecutivo que le corresponde según el año de publicación de la obra
500 _aLa biblioteca posee la reimpresión de la 7ª edición del 2005
505 0 _tDedicatoria --
_tPrólogo a la segunda edición --
_tIntroducción --
_tEl origen psicológico --
_tOrigen de la deformación social dominicana --
_tLa sociedad colonial y la psicología de Trujillo --
_tTrujillo y la división en gente de primera y gente de segunda --
_tLa venganza de un hombre de segunda --
_tEL origen biológico --
_tEl abandono de La Española: sus consecuencias para el país --
_tLa isla dividida: nacimiento de Haití --
_tLa arritmia histórica dominicana --
_tLa simiente materna de Trujillo llegó con la Ocupación Haitiana de 1822 --
_tNacimiento de Trujillo bajo el signo de la tiranía --
_tDe las luchas civiles a la Ocupación Norteamerica de 1916 --
_tTrujillo: fruto de tres invasiones militares --
_tLa conquista del poder político --
_tLa empresa capitalista llamada República Dominicana --
_tDe dictador a propietario del país --
_tEl gobierno al servicio de la empresa --
_tPsicología de los dominicanos --
_tEpílogo --
_tConclusiones --
_tPost Scriptum.
600 1 0 _aTrujillo Molina, Rafael Leónidas,
_d 1891-1961
_976764
651 1 0 _aRepública Dominicana
_xHistoria
_yDescubrimiento y conquista, 1492-1503
_9255
910 _aValidado. Control de calidad. MFF
942 _2ddc
_cLBS1
999 _c3720
_d3720